000 00525nam a22001937a 4500
003 KOHA_MİRAKIL
005 20251221155040.0
008 251221b tu ||||| |||| 00| 0 tur d
020 _a9786057118738
040 _aTR-AnABB
_btur
_cTR-AnABB
041 _atur
082 _a320.8
_bOKT 2022
100 1 _aOktay, Tarkan,
245 1 0 _aYerel yönetimler /
_cTarkan Oktay
260 _aAnkara :
_bİdealkent Yayınları,
_c2022
300 _a362 sayfa ;
_c25 cm
650 0 4 _aYerel yönetimler
942 _2ddc
_cBK
999 _c9859
_d9859
900 _bGizem YORULMAZ